00547nam a2200169Ia 4500008004100000082001900041100001600060245003200076250000600108260001800114300000800132630003200140730003200172942000900204999001900213952014500232100122s9999 xx 000 0 und d b59818aB823.08 aBLYTON ENID aFIRST TERM AT MALORY TOWERS a0 bMAMMOTHc1999 a150 aFIRST TERM AT MALORY TOWERS aFIRST TERM AT MALORY TOWERS cBOOK c377734d377731 00104070aSVPPARLEbSVPPARLEd2001-07-07g65.00l0o59818pSVPPARLE-59818r2010-01-25 00:00:00v65.00w2010-01-25yBOOKz", , General, NA"